Orthographe de l'A__________ - Statistiques

Statistiques générales
  • Ce quiz a été pris 49 fois
  • Le résultat moyen est 10 sur 11
Statistiques - réponses
Réponse % Correct
A
100%
E
93%
R
93%
Z
93%
A
91%
A
91%
B
91%
D
91%
Ï
91%
J
91%
N
91%
Aucun quiz correspondant
Distribution des résultats
% des personnes avec chaque résultat
Percentile par nombre de réponses
Votre historique - résultats
Vous n’avez pas pris ce quiz